Australia Eurovision Songs - Statistics

General Stats
  • This quiz has been taken 3 times
  • The average score is 8 of 12
Answer Stats
Year Performer Answer % Correct
2016 Dami Im Sound of Silence
100%
2015 Guy Sebastian Tonight Again
100%
2020 Montaigne Don't Break Me
67%
2017 Isaiah Firebrace Don't Come Easy
67%
2022 Sheldon Riley Not the Same
67%
2023 Voyager Promise
67%
2021 Montaigne Technicolour
67%
2018 Jessica Mauboy We Got Love
67%
2019 Kate Miller-Heidke Zero Gravity
67%
2026 Deltra Goodrem Eclipse
33%
2025 Go-Jo Milkshake Man
33%
2024 Electric Fields One Milkali (One Blood)
33%
No matching quizzes found
Score Distribution
Percent of People with Each Score
Percentile by Number Answered
Your Score History
You have not taken this quiz